The impact of privatization on land inheritance among Samburu Pastoralists in Kenya /
Guardado en:
| Hovedforfatter: | |
|---|---|
| Format: | Texto |
| Tags: |
Tilføj Tag
Ingen Tags, Vær først til at tagge denne postø!
|
MARC
| LEADER | 00000 a a2200000 04500 | ||
|---|---|---|---|
| 001 | 43241 | ||
| 003 | |||
| 040 | |||
| 100 | |a Lesorogol, Carolyn K. | ||
| 245 | |a The impact of privatization on land inheritance among Samburu Pastoralists in Kenya / |c Carolyn K. Lesorogol | ||
| 773 | |g volumen41, número6 (2010), páginas 1091-1115 : tablas | ||
| 999 | |c 24243 |d 24243 | ||
